MESTSKÁ KNIŽNICA GIRALTOVCE  - online katalóg 

Divadlo a vzdelávanie (Record no. 22747)

000 -NÁVESTIE
fixed length control field 00367nam a2200145 4500
008 - ÚDAJE S PEVNOU DĹŽKOU – VŠEOBECNÉ INFORMÁCIE
fixed length control field 191022s2010||||xo d
020 ## - MEDZINÁRODNÉ ŠTANDARDNÉ ČÍSLO KNIHY (ISBN)
Medzinárodné štandardné číslo knihy (ISBN) 978808936940
Údaje o dostupnosti 12,35
041 1# - KÓD JAZYKA
Kód jazyka textu/zvukovej stopy alebo samostatných nápisov slo
044 ## - KÓD KRAJINY VYDAVATEĽA/PRODUCENTA
Kód krajiny MARC xo
Kód krajiny ISO SK
100 1# - OSOBNÉ MENÁ – VŠEOBECNÉ INFORMÁCIE
Osobné meno Nicholsonová Helen
-- 1387
245 10 - NÁZOV
Názov Divadlo a vzdelávanie
250 ## - ÚDAJ O PORADÍ VYDANIA
Údaj o poradí vydania 1.vydanie
260 ## - VYDAVATEĽSKÉ ÚDAJE, DISTRIBÚCIA ATĎ.
Názov vydavateľa, distibútora atď. Divadelný ústav
Miesto publikovania, distribúcie atď. Bratislava
Dátum publikovania, distribúcie atď. 2010
300 ## - FYZICKÝ POPIS
Rozsah 79s.
Holdings
Stav stiahnutia (Blokovanie) (Withrawn status) Stav straty Stav poškodenia (Damaged status) Nie pre výpožičky (Not for loan) Spôsob nadobudnutia (Collection code) Trvalé umiestnenie Aktuálne umiestnenie Dátum nadobudnutia Náklady, bežná kúpna cena Inventárne číslo (prírastkové číslo) Full call number Dátum posledného výskytu Cena s účinnosťou od Typ jednotky Koha
        Kúpa Mestská knižnica Giraltovce Mestská knižnica Giraltovce 2019-10-22 12.35 21083 I1801 2019-12-12 2019-12-12 Odborná literatúra pre dospelých

Powered by Koha